| 000 | 00770nam a2200181 i 4500 | ||
|---|---|---|---|
| 001 | 182460 | ||
| 003 | ES-MaACL | ||
| 005 | 20230906221621.0 | ||
| 008 | 130816s1987 sp |||| | spa d | ||
| 100 | 1 |
_aZapata Fernández de la Hoz, Teresa. _9153271 |
|
| 245 | 1 | 0 |
_aDos retratos reales "efímeros" de Francisco Rizi en Toledo / _cMª Teresa Zapata Fernández de la Hoz y Fernando Martínez Gil. |
| 260 |
_aToledo : _bJunta de Comunidades de Castilla-La Mancha, Consejería de Educación y Cultura, _c1987. |
||
| 300 |
_a171-183 : _bil. ; _c27 cm. |
||
| 595 | _aSeparata de: Carpetania: revista del Museo de Santa Cruz, Toledo, 1987. | ||
| 600 | 1 | 4 |
_aRizi, Francisco ( _d1614-1685) _9153272 |
| 700 | 0 |
_aMartínez Gil, Fernando. _978120 |
|
| 852 |
_aES-MaACL _j2325-F-22 |
||
| 999 |
_c182460 _d182460 |
||